| 000 | 00776nam a22002777a 4500 | ||
|---|---|---|---|
| 001 | 0024093 | ||
| 003 | KOHA_MİRAKIL | ||
| 005 | 20260207002430.0 | ||
| 007 | ta | ||
| 008 | 101110b1988 tu |||gr||||#||||0|tur | | ||
| 040 |
_aTR-BiSEU _btur _cTR-BiSEU _erda |
||
| 041 | 0 | _atur | |
| 044 | _ctu | ||
| 050 |
_aHN656.5.A8 _bA43 1988 |
||
| 100 | 1 | _aAkdeniz, Sabri. | |
| 245 | 1 |
_aKültür sömürgeciliği/ _cSabri Akdeniz ; Sabri Akdeniz. |
|
| 264 | 1 |
_aİstanbul : _b[y.y.] _c1988 |
|
| 300 | _aVII, 389 sayfa; 24 cm. | ||
| 336 |
_ametin _btxt _2rdacontent |
||
| 337 |
_aaracısız _bn _2rdamedia |
||
| 338 |
_acilt _bnc _2rdacarrier |
||
| 500 | _aKaynakça var. | ||
| 650 | 0 |
_aKültür. _99654 |
|
| 650 | 0 |
_aTürkiye--Uygarlık--Batı Etkisi. _949396 |
|
| 942 |
_2lcc _cBK |
||
| 999 |
_c24046 _d24046 |
||